道路案内標識に用いられる重要地名 - Statistics

General Stats
  • This quiz has been taken 375 times
  • The average score is 160 of 271
Answer Stats
都道府県 地名 % Correct
北海道 札幌
92%
北海道 函館
86%
宮城県 仙台
86%
宮城県 {仙台}駅
86%
北海道 旭川
85%
北海道 稚内
85%
北海道 釧路
84%
青森県 青森
84%
北海道 根室
82%
青森県 八戸
82%
岩手県 盛岡
82%
秋田県 秋田
82%
山形県 山形
81%
福島県 福島
81%
茨城県 水戸
81%
千葉県 千葉
81%
三重県
81%
栃木県 宇都宮
80%
群馬県 前橋
80%
愛知県 名古屋
80%
神奈川県 横浜
79%
大阪府 大阪
79%
大阪府 {大阪}駅
79%
大阪府 {大阪}港
79%
北海道 苫小牧
78%
北海道 帯広
78%
青森県 弘前
78%
福島県 いわき
78%
東京都 新宿
78%
東京都 {日本}橋
78%
新潟県 新潟
78%
静岡県 静岡
78%
京都府 京都
78%
大阪府 {南}港
78%
北海道 室蘭
77%
埼玉県 さいたま
77%
山梨県 甲府
77%
岐阜県 岐阜
77%
三重県 伊勢
77%
北海道 小樽
76%
福島県 郡山
76%
群馬県 高崎
76%
富山県 富山
76%
福井県 福井
76%
長野県 長野
76%
滋賀県 大津
76%
神奈川県 川崎
75%
石川県 金沢
75%
長野県 松本
75%
静岡県 浜松
75%
兵庫県 神戸
75%
和歌山県 和歌山
75%
北海道 千歳
74%
北海道 網走
74%
北海道 北見
74%
奈良県 奈良
74%
鳥取県 鳥取
74%
岡山県 岡山
74%
広島県 広島
74%
長崎県 長崎
74%
宮城県 石巻
73%
福島県 会津若松
73%
東京都 八王子
73%
愛知県 豊橋
73%
兵庫県 姫路
73%
島根県 松江
73%
徳島県 徳島
73%
香川県 高松
73%
高知県 高知
73%
福岡県 福岡
73%
佐賀県 佐賀
73%
熊本県 熊本
73%
岩手県 花巻
72%
山口県 山口
72%
愛媛県 松山
72%
大分県 大分
72%
鹿児島県 鹿児島
72%
沖縄県 那覇
72%
千葉県
71%
東京都 東京
71%
山口県 下関
71%
埼玉県 川越
70%
東京都 渋谷
70%
東京都 品川
70%
神奈川県 相模原
70%
新潟県 長岡
70%
三重県 四日市
70%
福岡県 北九州
70%
長崎県 佐世保
70%
宮崎県 宮崎
70%
栃木県 日光
69%
埼玉県 熊谷
69%
神奈川県 小田原
69%
富山県 高岡
69%
福井県 敦賀
69%
北海道 留萌
68%
北海道 富良野
68%
山形県 新庄
68%
埼玉県 秩父
68%
静岡県 沼津
68%
大分県 別府
68%
宮城県 気仙沼
67%
茨城県 土浦
67%
千葉県 成田
67%
岐阜県 高山
67%
愛知県 豊田
67%
茨城県 日立
66%
神奈川県 横須賀
66%
島根県 出雲
66%
広島県 福山
66%
岩手県 一関
65%
山形県 米沢
65%
山形県 酒田
65%
埼玉県 所沢
65%
東京都 池袋
65%
新潟県 上越
65%
鳥取県 米子
65%
北海道 長万部
64%
栃木県 那須塩原
64%
東京都 上野
64%
大阪府
64%
青森県 むつ
63%
福島県 白河
63%
栃木県 小山
63%
長野県 飯田
63%
佐賀県 鳥栖
63%
北海道 岩見沢
62%
岩手県 北上
62%
山形県 鶴岡
62%
埼玉県 春日部
62%
石川県 小松
62%
山梨県 大月
62%
岐阜県 大垣
62%
京都府 舞鶴
62%
福岡県 久留米
62%
北海道 名寄
61%
岩手県 宮古
61%
秋田県 横手
61%
秋田県 湯沢
61%
新潟県 糸魚川
61%
石川県 輪島
61%
愛媛県 今治
61%
高知県 室戸
61%
北海道 滝川
60%
青森県 十和田
60%
新潟県 村上
60%
長野県 上田
60%
山口県 岩国
60%
佐賀県 唐津
60%
北海道 紋別
59%
青森県 五所川原
59%
秋田県 大館
59%
秋田県 能代
59%
群馬県 桐生
59%
大分県 中津
59%
宮城県 大崎
58%
宮城県 白石
58%
秋田県 由利本荘
58%
長野県 諏訪
58%
京都府 福知山
58%
熊本県 八代
58%
岩手県 釜石
57%
福島県 相馬
57%
千葉県 木更津
57%
石川県 七尾
57%
島根県 浜田
57%
愛媛県 宇和島
57%
長崎県 諫早
57%
宮崎県 都城
57%
岩手県 二戸
56%
岩手県 大船渡
56%
和歌山県 新宮
56%
宮崎県 延岡
56%
栃木県 足利
55%
兵庫県 豊岡
55%
長崎県 大村
55%
熊本県 天草
55%
大阪府 {天王寺}駅
54%
鳥取県 倉吉
54%
山口県
54%
岩手県 久慈
53%
岩手県 奥州
53%
島根県 益田
53%
岡山県 津山
53%
高知県 四万十市
53%
北海道 深川
52%
三重県 尾鷲
52%
三重県 松阪
52%
島根県 大田
52%
山口県 宇部
52%
福岡県 大牟田
52%
沖縄県 名護
52%
秋田県 大仙
51%
新潟県 三条
51%
和歌山県 田辺
51%
佐賀県 武雄
51%
熊本県 水俣
51%
茨城県 鹿嶋
50%
群馬県 沼田
50%
山梨県 富士吉田
50%
岐阜県 多治見
50%
大阪府 {梅田}新道
50%
奈良県 橿原
50%
山口県 周南
50%
長崎県 島原
50%
鹿児島県 霧島
49%
茨城県 古河
48%
神奈川県 厚木
48%
富山県 砺波
48%
奈良県 天理
48%
佐賀県 伊万里
48%
宮崎県 日南
48%
群馬県 渋川
47%
富山県 魚津
47%
長野県 塩尻
47%
三重県 伊賀
47%
岡山県 新見
47%
鹿児島県 薩摩川内
47%
北海道 士別
46%
大阪府 難波
46%
高知県 {足摺}岬
46%
大分県 佐伯
46%
鹿児島県 枕崎
46%
広島県 三次
45%
沖縄県 沖縄
45%
熊本県 人吉
44%
鹿児島県 鹿屋
44%
北海道 倶知安
43%
北海道 日高
43%
徳島県 三好市
43%
愛媛県 西条
43%
大分県 日田
43%
福島県 南相馬
42%
東京都 {浅草}橋
42%
新潟県 南魚沼
42%
群馬県 草津
41%
山梨県 身延
41%
北海道 江差
40%
新潟県 十日町
39%
山梨県 韮崎
39%
福岡県 飯塚
39%
北海道 江別
38%
奈良県 大和郡山
37%
埼玉県 草加
36%
奈良県 五條
35%
兵庫県 洲本
34%
長野県 小諸
33%
大分県 宇佐
31%
宮崎県 小林
31%
北海道 浦河
30%
愛媛県 大洲
29%
高知県 須崎
29%
奈良県 大和高田
28%
茨城県 筑西
27%
熊本県 荒尾
27%
熊本県 宇土
25%
岐阜県 美濃加茂
24%
北海道 枝幸
23%
埼玉県 東松山
21%
静岡県 御前崎
21%
福島県 南会津
16%
東京都 五反田
16%
沖縄県 {辺戸}岬
15%
北海道 弟子屈
14%
兵庫県 三宮
9%
東京都 巣鴨
8%
沖縄県 {海洋博}公園
6%
宮城県 県庁市役所
5%
徳島県 つるぎ
5%
京都府 堀川五条
2%
大阪府 {深江}橋
2%
No matching quizzes found
Score Distribution
Percent of People with Each Score
Percentile by Number Answered
Your Score History
You have not taken this quiz